Normal view
MARC view
- Nicholson,Larry Gene.
Entry Personal Name
001 - CONTROL NUMBER
- control field: 12272
003 - CONTROL NUMBER IDENTIFIER
- control field: NUST
005 - DATE AND TIME OF LATEST TRANSACTION
- control field: 20180808111031.0
008 - FIXED-LENGTH DATA ELEMENTS
- fixed length control field: 180808|| aca||aabn | a|a d
040 ## - CATALOGING SOURCE
- Original cataloging agency: NUST
- Transcribing agency: NUST
100 ## - HEADING--PERSONAL NAME
- Personal name: Nicholson,Larry Gene.
670 ## - SOURCE DATA FOUND
- Source citation: Work cat.: (NUST): Nicholson,Larry Gene., Instructor Development Training., 1997.
